000 00820ngm a2200289 a 4500
003 OSt
005 20251020182703.0
008 240217s9999 xx 000 0 und d
040 _aPE SENCICO BE
040 _cPE SENCICO BE
041 _aspa
082 _aQ013
245 0 _aCurso de albañilería. Tarea Nº 11. Tarrajear muro. Módulo 2. 1era parte. Colocar puntos de aplome. 2da parte. Hacer cintas maestras. 3era parte. Frotachar. 4ta parte. Ejecución de las operaciones para tarrejear /
245 0 _cSENCICO-INTE
260 _aLima
260 _bSENCICO-INTE
260 _cNo precisa
300 _a1 VIDEO
300 _bson., Col.
300 _c78'
490 _aALBAÑILERIA
520 _aMódulo Uno
650 _aTARRAJEAR MURO
651 _aPERÚ
910 _aila.
942 _cVID
_2ddc
999 _c4889
_d4889